Kanye West's top 30 most streamed songs. - Statistics

General Stats
  • This quiz has been taken 139 times
  • The average score is 14 of 30
Answer Stats
Placement Streams Answer Collab? % Correct
10 1,160,793,200 Runaway No
84%
1 1,979,112,809 Heartless No
82%
12 1,072,620,188 All Falls Down No
78%
4 1,735,191,703 Flashing Lights No
75%
5 1,506,889,284 Gold Digger No
75%
2 1,813,636,949 Ni**as In Paris Yes
70%
3 1,790,973,243 Stronger No
70%
8 1,348,308,749 Bound 2 No
66%
9 1,174,136,842 POWER No
64%
11 1,142,993,596 I Wonder No
61%
16 941,486,101 All Of The Lights No
59%
13 1,054,052,572 Homecoming No
57%
22 768,142,539 Ghost Town No
56%
15 983,002,899 Can't Tell Me Nothing No
53%
24 698,622,543 Devil In A New Dress No
52%
6 1,472,595,079 Father Stretch My Hands Pt. 1 No
52%
30 541,494,245 Touch The Sky No
47%
17 938,293,948 Violent Crimes No
43%
26 587,895,652 Good Life No
41%
18 897,019,681 CARNIVAL Yes
38%
25 697,473,452 Famous No
31%
23 710,397,840 Black Skinhead No
27%
7 1,354,886,348 FourFiveSeconds Yes
26%
28 568,158,011 No Church In The Wild Yes
25%
29 565,141,440 Praise God No
22%
14 1,053,529,404 American Boy Yes
21%
20 769,449,932 Forever Yes
12%
19 769,988,881 I Love It Yes
11%
27 580,820,110 All Mine No
8%
21 769,400,277 Run This Town Yes
2%
No matching quizzes found
Score Distribution
Percent of People with Each Score
Percentile by Number Answered
Your Score History
You have not taken this quiz